Statistics for Most Populous Islands on a World Map

Click here to take the quiz!

General Stats

  • This quiz has been taken 7,309 times
    (3,380 since last reset)
  • The average score is 46 of 100

Answers on the Map

Answers color-coded by a green-red scale on the quiz's map according to % correct below.
 

Answer Stats

PopulationIsland% Correct
66.4 mGreat Britain
97%
7.03 mIreland
97%
11.3 mCuba
96%
375 kIceland
96%
28.5 mMadagascar
96%
21.9 mSri Lanka
96%
1.09 mCyprus
93%
2.95 mJamaica
93%
386 kMalta
92%
4.80 mSicily
92%
145 mJava
88%
22.3 mHispaniola
87%
23.9 mTaiwan
87%
542 kTasmania
87%
623 kCrete
86%
3.92 mNorth Island
86%
1.58 mSardinia
86%
1.20 mSouth Island
86%
1.10 milBahrain
85%
23.7 mBorneo
84%
1.27 mTrinidad
84%
104 mHonshū
83%
5.38 mHokkaidō
82%
14.8 mNew Guinea
82%
1.69 mManhattan
78%
3.29 mPuerto Rico
78%
5.89 mSingapore
78%
870 kVancouver
78%
862 kMajorca
77%
59.2 mSumatra
77%
8.06 mLong Island
76%
1.22 mMauritius
76%
522 kNewfoundland
76%
1.01 mOahu
73%
64.3 mLuzon
72%
1.27 mHong Kong
70%
897 kZanzibar (Unguja)
70%
4.32 mBali
66%
10.1 mHainan
63%
20.2 mSulawesi
62%
2.29 mZealand
61%
12.7 mKyūshū
57%
3.18 mTimor
57%
496 kStaten Island
55%
1.30 mOkinawa
54%
907 kTenerife
53%
2.01 mIsland of Montreal
52%
838 kRéunion
52%
472 kSakhalin
52%
27.0 mMindanao
51%
2.89 mZhongshan (Macau)
50%
839 kGran Canaria
49%
622 kJeju
45%
3.82 mShikoku
44%
4.31 mCebu
37%
390 kMartinique
36%
525 kPhuket
36%
1.83 mFlores
27%
514 kNew Britain
24%
887 kPalawan
23%
3.31 mLombok
20%
4.66 mNegros
20%
2.04 mXiamen
20%
23.8 mSalsette
18%
466 kFunen
17%
860 kPenang
16%
662 kViti Levu
16%
490 kMargarita
15%
2.63 mLeyte
13%
4.52 mPanay
13%
686 kSumba
13%
383 kMarajó
12%
1.38 milSão Luís
12%
1.15 mBatam
11%
1.33 mMindoro
11%
1.39 milSumbawa
11%
450 kHalmahera
10%
407 kPemba
10%
1.75 mSamar
10%
961 kBangka
9%
1.21 mBohol
9%
434 kSeram
9%
441 kAmbon
8%
438 kÎle Jésus
8%
4.00 mMadura
8%
756 kNias
7%
707 kMasbate
6%
420 kSanta Catarina
6%
459 kBasilan
5%
1.76 mBhola Island
5%
447 kButon
5%
615 kChongming
5%
423 kIJsselmonde
5%
530 kJolo
5%
760 kSão Vicente
5%
503 kZhoushan
5%
468 kMactan
4%
400 kSandwip
4%
763 kCangshan
3%
1.56 mHaizhu
3%

Score Distribution

Percentile by Number Answered

Percent of People with Each Score

Your Score History

You have not taken this quiz since the last reset